| 000 | 01350nam a2200253Ia 4500 | ||
|---|---|---|---|
| 999 |
_c41966 _d41966 |
||
| 001 | 8650 | ||
| 003 | GE_BSU | ||
| 005 | 20200525225041.0 | ||
| 008 | 181216s2005||||ge |||||||||||||| ||geo|| | ||
| 020 | _a9994025678 | ||
| 040 | _cGE_BSU | ||
| 041 | _ageo | ||
| 080 | _a811.353.1-8(075.8) მ-74 | ||
| 100 |
_aმიქელაძე, ნაზი. _98202 |
||
| 245 |
_aქართული ენის პრაქტიკული კურსი და სტილისტიკის საკითხები / _cნაზი მიქელაძე, მამია ფაღავა ; რედ. მერი ცინცაძე. |
||
| 264 |
_aბათუმი : _bბათუმის უნ-ტი, _c2005. |
||
| 300 |
_a284 გვ. ; _c20 სმ |
||
| 541 | _h5 ლ. | ||
| 653 | _aქართული ენის პრაქტიკული კურსი და სტილისტიკის საკითხები | ||
| 700 |
_aფაღავა, მამია _eავტორი _98203 |
||
| 700 |
_aცინცაძე, მერი _eრედაქტორი _91857 |
||
| 710 |
_aბათუმის შოთა რუსთაველის სახელმწ. უნიერსიტეტი _bქართული ენის კათედრა _98204 |
||
| 942 |
_cBK _2udc |
||